000 00326nam a2200133Ia 4500
008 240624s9999 xx 000 0 und d
041 _aeng
082 _a332.1 IND
100 _aIIBF
245 _aGENERAL BANK MANAGEMENT
260 _c2005
_aNew Delhi
_bMacmillan India
300 _ax, : 740 : p. : cm. ; 23
365 _cRS
_b35
999 _c5740
_d5740